|
|
|
|
| LEADER |
00000nab a2200000 a 4500 |
| 001 |
vtls000818413 |
| 003 |
SK-MaSNL |
| 005 |
20260304120721.0 |
| 008 |
250429c2000 xo 0 slo |
| 015 |
|
|
|a SNBRA2002/12-41026
|
| 035 |
|
|
|a CLN000170068
|
| 035 |
|
|
|a urn:nbn:sk:snk-abag7i
|
| 035 |
|
|
|a (urnnbn)urn:nbn:sk:snk:ar-008k2e
|
| 035 |
|
|
|a (uuid)f38f3f02-ed7f-4406-874f-16eed1da92d6
|
| 040 |
|
|
|a SNKBUCL
|b slo
|c SNKBUCL
|e AACR2
|
| 041 |
0 |
|
|a slo
|
| 044 |
|
|
|a xo
|c SK
|
| 080 |
|
|
|a 82:929:885.4
|2 1997
|
| 080 |
|
|
|a 885.4:929
|2 1997
|
| 080 |
|
|
|a 929 Smrek, Ján
|2 1997
|
| 100 |
1 |
|
|a Bžoch, Jozef,
|d 1926-2018
|4 aut
|9 13856
|
| 245 |
1 |
0 |
|a Ján Smrek - človek a občan
|c Jozef Bžoch
|
| 600 |
1 |
7 |
|a Smrek, Ján,
|d 1898-1982
|2 snkbucl
|9 106970
|
| 655 |
|
7 |
|a články zo zborníkov
|2 snkbucl
|9 166140
|
| 773 |
0 |
|
|t Zborník Filozofickej fakulty Univerzity Komenského. Philologica. [Ročník] 51/2000
|d Bratislava : Univerzita Komenského, 2000
|g S. 7-9
|z 802231496X
|
| 850 |
|
|
|a Slovenská národná knižnica
|
| 852 |
|
|
|a Slovenská národná knižnica
|
| 954 |
|
|
|a odborná, vedecká literatúra pôvodná (slovenská)
|2 lita
|
| 958 |
|
|
|a article14
|
| 958 |
|
|
|a LX
|
| 958 |
|
|
|a SK
|
| 958 |
|
|
|a BX
|
| 958 |
|
|
|a OND
|
| 958 |
|
|
|a EUIPO
|
| 999 |
|
|
|c 2881162
|d 2883092
|